Представление документа в формате RUSMARC

ПолеНазваниеЗначение
  Тип записи a
  Библиографический уровень m
001 Контрольный номер RU/УОНБ/EK_N/636806232
005 Дата корректировки 20240131005119.7
071 Издательские номер (звукозапись и ноты) 21
a Номер, присвоенный агентством 2521
100 Данные общей обработки __
a Данные общей обработки 20200306d u y0rusy0189||||ba
101 Язык документа 0_
a Язык текста ger
f Язык титульного листа ger
102 Страна публикации __
a Страна публикации FR
105 Кодированные данные (монография) __
a Кодированные данные (монография) y###||||000|y
125 Кодированные данные звукозаписи и нотных изданий __
a Форма изложения нотного текста с|
128 Кодированные данные (звукозаписи-физические характеристики) __
a Кодированные данные: Музыкальная форма и тональность или лад sy
c Инструменты или голоса, рекомендуемые для солистов (устаревшее) ka||
200 Заглавие и сведения об ответственности 1_
a Заглавие Band 2
b Общее обозначение материала Ноты
e Сведения, относящиеся к заглавию No. 11-21
215 Физическое описание __
a Объем 190 с.
461 Уровень набора _0
1 001RU/УОНБ/EK_N/636740255
1 200
a Symphonien
b Ноты
e fur das Pianoforte allein
f Josef Haydn
f Йозеф Гайдн
v Band 2
1 210
a Paris
c Braunschweig i New-York, Henry Litolff's Verlag
1 225
a Litolff's Bibliothek Classischer Compositionen
512 Заглавие обложки 1_
a Заглавие обложки Symphonien
517 Другие варианты заглавия 1_
a Другие варианты заглавия [Симфонии]
600 Персоналии _1
a Персоналии (Фамилия) Haydn, Josef
600 Персоналии _1
a Персоналии (Фамилия) Гайдн, Йозеф
606 Тематические рубрики 0_
a Основная рубрика Фортепианная музыка зарубежная
x Основная подрубрика Симфонии
610 Ключевые слова 0_
a Ключевые слова фортепиано
610 Ключевые слова 0_
a Ключевые слова симфонии
610 Ключевые слова 0_
a Ключевые слова Haydn J.
610 Ключевые слова 0_
a Ключевые слова Гайдн Й.
686 Индексы других классификаций __
a Классификационный индекс 85.954.2-040(3)
2 Код системы rubbk
801 Источник записи _0
a Страна RU
b Организация Ульяновская ОНБ
c Дата составления 20200306
g Правила каталогизации RCR
801 Источник записи _1
a Страна RU
b Организация Ульяновская ОНБ
c Дата составления 20200306
g Правила каталогизации RCR
901 Тип документа __
t Тип документа n
w Контрольный № источника RU/УОНБ/EK_N/636740255
909 Создатель записи __
a Создатель записи Грязнова И. Е.
938 Служебная информация __
a Имя БД noti
b Имя библиотеки УОНБ
c Имя АИБС МАРК-SQL
d Номер DOC_ID в БД 22104